Online
Catalog

Cuestiones y quehaceres literarios en el II Congreso Latinoamericano Escritores / (Record no. 2712)

MARC details
000 -CABECERA
campo de control de longitud fija 01155cam a2200301 a 4500
001 - NÚMERO DE CONTROL
campo de control 000002878
005 - FECHA Y HORA DE LA ÚLTIMA TRANSACCIÓN
campo de control 20200929150257.0
008 - DATOS DE LONGITUD FIJA--INFORMACIÓN GENERAL
campo de control de longitud fija 780323s1967 mx f000 | spa d
040 ## - FUENTE DE LA CATALOGACIÓN
Centro catalogador/agencia de origen DO-SdBNP
Lengua de catalogación spa
Centro/agencia transcriptor DLC
Centro/agencia modificador BNPHU
082 ## - NÚMERO DE LA CLASIFICACIÓN DECIMAL DEWEY
Número de clasificación 808.7
Número de documento/Ítem C749q
049 ## - FONDOS LOCALES (OCLC)
Fondos de biblioteca BNGR
111 2# - ENTRADA PRINCIPAL--NOMBRE DE CONGRESO/REUNIÓN
Nombre de congreso/reunión o jurisdicción como elemento de entrada Congreso Latinoamericano de Escritores
Número del congreso/reunión o número de parte o sección (2 :
Fecha del congreso/reunión 1967 :
Sede del congreso/Lugar de la reunión Mexico)
9 (RLIN) 9141
245 10 - MENCIÓN DE TÍTULO
Título Cuestiones y quehaceres literarios en el II Congreso Latinoamericano Escritores /
Mención de responsabilidad, etc. introducción de Marco Antonio Millán.
260 ## - PUBLICACIÓN, DISTRIBUCIÓN, ETC.
Lugar de publicación, distribución, etc. México, D. F. :
Nombre del editor, distribuidor, etc. Subsecretaria de Asuntos Culturales,
Fecha de publicación, distribución, etc. 1967.
300 ## - DESCRIPCIÓN FÍSICA
Extensión v. ;
Dimensiones 16 cm.
490 1# - MENCIÓN DE SERIE
Mención de serie Cuadernos de Lectura Popular
Designación de volumen o secuencia 82
490 1# - MENCIÓN DE SERIE
Mención de serie El Despertador Americano
500 ## - NOTA GENERAL
Nota general Incluye notas al pie de las, páginas
504 ## - NOTA DE BIBLIOGRAFÍA, ETC.
Nota de bibliografía, etc. Incluye referencias bibliográficas
500 ## - NOTA GENERAL
Nota general La biblioteca posee el volumen 2
650 #4 - PUNTO DE ACCESO ADICIONAL DE MATERIA--TÉRMINO DE MATERIA
Término de materia o nombre geográfico como elemento de entrada Autores latinoamericanos
Subdivisión general Biografía
-- Congresos
9 (RLIN) 9142
650 #4 - PUNTO DE ACCESO ADICIONAL DE MATERIA--TÉRMINO DE MATERIA
Término de materia o nombre geográfico como elemento de entrada Retórica
9 (RLIN) 6217
650 #4 - PUNTO DE ACCESO ADICIONAL DE MATERIA--TÉRMINO DE MATERIA
Término de materia o nombre geográfico como elemento de entrada Lenguaje y lengua
9 (RLIN) 9143
650 #4 - PUNTO DE ACCESO ADICIONAL DE MATERIA--TÉRMINO DE MATERIA
Término de materia o nombre geográfico como elemento de entrada Retórica
Subdivisión general Oratoria
9 (RLIN) 9144
830 #0 - PUNTO DE ACCESO ADICIONAL DE SERIE-TÍTULO UNIFORME
Título uniforme Cuadernos de Lectura Popular
Designación de volumen o secuencia 82
9 (RLIN) 9145
830 #3 - PUNTO DE ACCESO ADICIONAL DE SERIE-TÍTULO UNIFORME
Título uniforme El Despertador Americano
9 (RLIN) 9146
910 ## - DATOS DE OPCIÓN DEL USUARIO (OCLC)
Datos de opción del usuario Catalogación por copia / LC
Holdings
Estado de retiro Estado de pérdida Restricciones de uso No para préstamo Código de colección Localización permanente Ubicación/localización actual Ubicación en estantería Fecha de adquisición Número de inventario Total de préstamos Signatura topográfica completa Código de barras Fecha visto por última vez Precio válido a partir de Tipo de ítem Koha
        Monografías: Libros y Folletos General General En catalogación 04.07.2009 LF1   808.7 C749q 2878-10 25.06.2020 25.06.2020 Préstamo en sala

Powered by Koha